[Event "Karl Mala Memorial op 12th"]
[Site "Frankfurt"]
[Date "2009.07.19"]
[Round "6"]
[White "Kolker, Vladislav"]
[Black "Voss, Chantal"]
[Result "1-0"]
[WhiteElo "2116"]
[BlackElo "1861"]
[PlyCount "41"]
[EventDate "2009.07.16"]
[EventType "swiss"]
[EventRounds "7"]
[EventCountry "GER"]
[SourceTitle "EXT 2010"]
[Source "ChessBase"]
[SourceDate "2010.11.25"]
[SourceVersion "1"]
[SourceVersionDate "2010.11.25"]
[SourceQuality "1"]

1. e4 e6 2. d4 d5 3. Nc3 Nf6 4. Bg5 Be7 5. e5 Nfd7 6. h4 b6 7. Qh5 Bb7 8. 0-0-0 Nc6 9. Nf3 g6 10. Qg4 h5 11. Qf4 Bxg5 12. Nxg5 0-0 13. g4 hxg4 14. h5 Qe7 15. Qxg4 Rfe8 16. hxg6 fxg6 17. Rh7 Qxh7 18. Nxh7 Kxh7 19. Nxd5 Ncxe5 20. Qh3+ Kg8 21. Nxc7 1-0

[Event "Karl Mala Memorial op 12th"]
[Site "Frankfurt"]
[Date "2009.07.17"]
[Round "2"]
[White "Damm, Nils"]
[Black "Voss, Chantal"]
[Result "0-1"]
[WhiteElo "1607"]
[BlackElo "1861"]
[PlyCount "86"]
[EventDate "2009.07.16"]
[EventType "swiss"]
[EventRounds "7"]
[EventCountry "GER"]
[SourceTitle "EXT 2010"]
[Source "ChessBase"]
[SourceDate "2010.11.25"]
[SourceVersion "1"]
[SourceVersionDate "2010.11.25"]
[SourceQuality "1"]

1. e4 e6 2. d4 d5 3. e5 c5 4. dxc5 Nd7 5. Nf3 Bxc5 6. Bd3 Ne7 7. 0-0 Ng6 8. Bxg6 hxg6 9. Re1 0-0 10. Ng5 Qb6 11. Nh3 f6 12. exf6 Nxf6 13. Rf1 Bd7 14. Nc3 d4 15. Ne2 Bb5 16. Kh1 Rad8 17. Nhf4 Ne4 18. f3 d3 19. cxd3 Nf2+ 20. Rxf2 Bxf2 21. Qb3 Bxd3 22. Nxd3 Qxb3 23. axb3 Rxd3 24. Nc3 Bd4 25. Bg5 a6 26. Be7 Rc8 27. Bb4 Kf7 28. h3 Bc5 29. Bxc5 Rxc5 30. Ra4 Rd2 31. Ne4 Rc1+ 32. Kh2 Rxb2 33. Nd6+ Ke7 34. Nxb7 Rxb3 35. Na5 Rb8 36. Ra3 Rc2 37. Rb3 Rxb3 38. Nxb3 Kd6 39. Nd4 Rc4 40. Nb3 Rb4 41. Nd2 a5 42. Kg1 a4 43. Nf1 Rb1 0-1

[Event "Karl Mala Memorial op 12th"]
[Site "Frankfurt"]
[Date "2009.07.16"]
[Round "1"]
[White "Voss, Chantal"]
[Black "Molka, Pia"]
[Result "1-0"]
[WhiteElo "1861"]
[BlackElo "688"]
[PlyCount "59"]
[EventDate "2009.07.16"]
[EventType "swiss"]
[EventRounds "7"]
[EventCountry "GER"]
[SourceTitle "EXT 2010"]
[Source "ChessBase"]
[SourceDate "2010.11.25"]
[SourceVersion "1"]
[SourceVersionDate "2010.11.25"]
[SourceQuality "1"]

1. d4 d5 2. c4 e6 3. Nf3 Nf6 4. g3 Bb4+ 5. Bd2 Nc6 6. Bg2 0-0 7. 0-0 h6 8. Bxb4 Nxb4 9. Nbd2 b6 10. Ne5 Ba6 11. a3 Qd6 12. axb4 Bb7 13. c5 bxc5 14. bxc5 Qd8 15. c6 Bc8 16. Ra5 Rb8 17. Rxa7 Rxb2 18. Ra8 Rb5 19. Qa4 Rb2 20. Rd1 Ne4 21. Nxe4 dxe4 22. Bxe4 Rxe2 23. Bc2 Rxe5 24. dxe5 Qe7 25. Qd4 Qg5 26. Qc5 Re8 27. Ra7 Qe7 28. Qxe7 Rxe7 29. Rd8+ Re8 30. Rxe8# 1-0

[Event "GER-ch U18 Girls"]
[Site "Willingen"]
[Date "2009.06.05"]
[Round "8"]
[White "Hingst, Silke"]
[Black "Voss, Chantal"]
[Result "1-0"]
[WhiteElo "1833"]
[BlackElo "1878"]
[PlyCount "63"]
[EventDate "2009.05.30"]
[EventType "swiss"]
[EventRounds "9"]
[EventCountry "GER"]
[SourceTitle "CBM 130 Extra"]
[Source "ChessBase"]
[SourceDate "2009.07.02"]
[SourceVersion "2"]
[SourceVersionDate "2009.07.15"]
[SourceQuality "1"]

1. e4 e6 2. d4 d5 3. Nd2 Nc6 4. c3 e5 5. exd5 Qxd5 6. Bc4 Qxg2 7. Qf3 Qxf3 8. Ndxf3 exd4 9. cxd4 Bg4 10. Ne5 Nxe5 11. dxe5 0-0-0 12. Bd2 Bc5 13. Be3 f6 14. Ne2 fxe5 15. Rg1 Bxe2 16. Bxe2 Bd4 17. Bxd4 exd4 18. Rxg7 Nf6 19. Rc1 c6 20. Bd3 Rd5 21. Rf7 Rd6 22. Ke2 Re8+ 23. Kd2 h5 24. Rg1 Ng4 25. Bf5+ Kb8 26. Bxg4 hxg4 27. Rxg4 d3 28. Rgg7 b5 29. h4 Re2+ 30. Kc3 Rd8 31. Rb7+ Kc8 32. Rgc7# 1-0

[Event "GER-ch U18 Girls"]
[Site "Willingen"]
[Date "2009.06.03"]
[Round "6"]
[White "Lorenz, Nicole"]
[Black "Voss, Chantal"]
[Result "0-1"]
[WhiteElo "1842"]
[BlackElo "1878"]
[PlyCount "82"]
[EventDate "2009.05.30"]
[EventType "swiss"]
[EventRounds "9"]
[EventCountry "GER"]
[SourceTitle "CBM 130 Extra"]
[Source "ChessBase"]
[SourceDate "2009.07.02"]
[SourceVersion "2"]
[SourceVersionDate "2009.07.15"]
[SourceQuality "1"]

1. e4 e6 2. d4 d5 3. Nc3 Nf6 4. Bg5 Be7 5. e5 Nfd7 6. Bxe7 Qxe7 7. f4 0-0 8. Nf3 f6 9. Qd2 a6 10. Ne2 c5 11. c3 Nc6 12. Ng3 b5 13. Rc1 fxe5 14. fxe5 Nb6 15. b3 c4 16. b4 a5 17. a3 axb4 18. axb4 Ra3 19. Be2 Bd7 20. 0-0 h6 21. Ra1 Rfa8 22. Qb2 R3a7 23. Rxa7 Rxa7 24. Bd1 Be8 25. Qc2 Ra3 26. Ne2 Qa7 27. Nh4 Ra2 28. Qc1 Qe7 29. Qf4 Na4 30. Qg3 Qg5 31. Qxg5 hxg5 32. Nf3 g4 33. Ng5 Nd8 34. Nc1 Rd2 35. Bxg4 Nxc3 36. Nxe6 Nxe6 37. Bxe6+ Kh7 38. Bf5+ Kh6 39. Rf3 Rd1+ 40. Kf2 Rxc1 41. Rh3+ Kg5 0-1

[Event "BL2 Sued 0809 (Women)"]
[Site "Germany"]
[Date "2009.03.08"]
[Round "7.4"]
[White "Voss, Chantal"]
[Black "Mueller, Liliane"]
[Result "1-0"]
[WhiteElo "1902"]
[BlackElo "1673"]
[PlyCount "61"]
[EventDate "2008.11.08"]
[EventType "team-tourn"]
[EventRounds "7"]
[EventCountry "GER"]
[SourceTitle "EXT 2010"]
[Source "ChessBase"]
[SourceDate "2010.11.25"]
[SourceVersion "1"]
[SourceVersionDate "2010.11.25"]
[SourceQuality "1"]
[WhiteTeam "Schott Mainz (W)"]
[BlackTeam "Neuperlach (W)"]
[WhiteTeamCountry "GER"]
[BlackTeamCountry "GER"]

1. d4 d5 2. c4 dxc4 3. Nc3 Nf6 4. e4 e6 5. Bxc4 c6 6. f3 Be7 7. Nge2 0-0 8. 0-0 Nbd7 9. Be3 e5 10. f4 Nb6 11. Bb3 Ng4 12. Qc1 Nxe3 13. Qxe3 exd4 14. Nxd4 Bc5 15. Rad1 Qe7 16. Kh1 Bg4 17. Rd3 Kh8 18. Qd2 Rad8 19. h3 Bc8 20. Rd1 Rd6 21. e5 Rh6 22. a3 Bxd4 23. Rxd4 g6 24. Ne4 Be6 25. Bxe6 fxe6 26. f5 Rh5 27. f6 Qc7 28. Rd8 Kg8 29. Rxf8+ Kxf8 30. Qd8+ Qxd8 31. Rxd8+ 1-0

[Event "GER-chT Lands U20"]
[Site "Dresden"]
[Date "2008.11.14"]
[Round "2.5"]
[White "Voss, Chantal"]
[Black "Ohnmacht, Simon"]
[Result "1/2-1/2"]
[WhiteElo "1828"]
[BlackElo "1792"]
[PlyCount "34"]
[EventDate "2008.11.14"]
[EventType "team-swiss"]
[EventRounds "7"]
[EventCountry "GER"]
[SourceTitle "EXT 2010"]
[Source "ChessBase"]
[SourceDate "2010.11.25"]
[SourceVersion "1"]
[SourceVersionDate "2010.11.25"]
[SourceQuality "1"]
[WhiteTeam "Rheinland Pfalz"]
[BlackTeam "Baden"]
[WhiteTeamCountry "GER"]
[BlackTeamCountry "GER"]

1. d4 d5 2. c4 e6 3. Nc3 Nf6 4. Bg5 Be7 5. cxd5 exd5 6. e3 Bf5 7. Qb3 b6 8. Bxf6 Bxf6 9. Qxd5 Qxd5 10. Nxd5 Bd8 11. Rc1 Kd7 12. Be2 c6 13. Nb4 Be7 14. Nd3 f6 15. Kd2 Na6 16. a3 c5 17. f3 Rae8 1/2-1/2